00851nam a22002417a 45000010005000000030006000050050017000110080041000280400029000690500016000981000019001142450046001332600060001793000049002395050008002885200145002965210029004415210020004706500026004906500032005166500030005487000031005787690FISKH20250731104631.0250731b cb ||||| |||| 00| 0 eng d aFISKHbengcFISKHdFISKH aPZ7.C1278 H aCalhoun, Mary  aHigh wind for Kansas / cBy Mary Calhoun  aChicago : bScience Research Associates, Inc. ,c1965.  a18 pages : bcolor illustrations ;c21 cm .  aK  aBased on a historical event, this fiction book tells about what happens in the pioneer days when a wagon fitted with a sail comes into town.8 a510 bLexile estimate 8 aK bRaz-Plus  a19th CenturyvFiction aWestward expansionvFiction aAmerican historyvFiction aBoyle, Neil eIllustrator